000 00544nam a22001817a 4500
999 _c20715
_d20715
003 AR-CdUCM
008 190604b ||||| |||| 00| 0 eng d
040 _aMUNICIPALIDAD PROVINCIAL DEL CUSCO
_cBIBLIOTECA MUNICIPAL DEL CUSCO
082 _a808.83 /
_bV86
100 _aVon Schiller, Friedrich
_943269
245 _aJunior Great books /
260 _aChicago :
_bThe Great books foundation,
_c1963.
300 _a31 páginas ;
_c19 cm.
500 _atexto en inglés
700 _aTell, William
_943270
942 _2ddc
_cLIBROS
945 _arcc